00505nam a22001937a 450000500170000001000150001702000260003203500140005803700240007203700090009608200120010510000170011724500560013425000060019026000420019627000480023830000190028676000060030520250317113850.0 aENG-144093 a9789391373375c100.00 aEN-127625 bShanlax Publication bDBAD a181.499 aBharathi, S. aSwami Vivekananda On Indian Womanhood/cS. Bharathi a1 aTamil NadubShanlax Publicationc2021 aVasantha Nagar, MaduraibTamil Nadue625003 a91p.c22cm(pb) b1